|
|
|
|
| LEADER |
00836naa a2200205 i 4500 |
| 001 |
acta61275 |
| 005 |
20260224081030.0 |
| 008 |
190911s2015 hu o 100 hun d |
| 040 |
|
|
|a SZTE Egyetemi Kiadványok Repozitórium
|b hun
|
| 041 |
|
|
|a hun
|
| 100 |
1 |
|
|a Kis Noémi
|
| 245 |
1 |
3 |
|a Az Elsajátítási Motiváció Kérdőív tanulói változatának megerősítő faktoranalízise
|h [elektronikus dokumentum] /
|c Kis Noémi
|
| 260 |
|
|
|c 2015
|
| 300 |
|
|
|a 153
|
| 490 |
0 |
|
|a Pedagógiai Értékelési Konferencia
|v 13
|
| 695 |
|
|
|a Mérés - pedagógiai - előadáskivonat, Értékelés - pedagógiai - előadáskivonat
|
| 700 |
0 |
1 |
|a Józsa Krisztián
|e aut
|
| 700 |
0 |
1 |
|a Dombi Edina
|e aut
|
| 710 |
|
|
|a Pedagógiai Értékelési Konferencia (13.) (2015) (Szeged)
|
| 856 |
4 |
0 |
|u http://acta.bibl.u-szeged.hu/61275/1/pek_2015_153.pdf
|z Dokumentum-elérés
|